Turmion Kätilöt - Kaikki laulut - Statistics

Yleistilastot
  • Tätä visaa on pelattu 19 kertaa
    6 viimeisimmän päivityksen jälkeen
  • Keskiarvotulos 65 / 157
Vastaustilastot
Albumit/EP Vuosi Laulu % Oikein
Omen X 2023 Gabriel
80%
(Singlet) 2022 Kuolettavia Vammoja
80%
Omen X 2023 Kuolettavia Vammoja
80%
Global Warning 2020 Mosquito à la carte (To Be Contiuned 5)
80%
(Singlet) 2024 Pulssi
80%
Reset 2024 Pulssi
80%
(Singlet) 2024 Sinä 2.0
80%
Reset 2024 Sinä 2.0
80%
(Singlet) 2022 Sormenjälki
80%
Omen X 2023 Sormenjälki
80%
(Singlet) 2003 Teurastaja
80%
Hoitovirhe 2004 Teurastaja
80%
Universal Satan 2018 To Be Contiuned 4 Je T'aime
80%
Dance Panique 2017 To Be Contiuned Kohtaus 3
80%
Omen X 2023 Totuus
80%
U.S.C.H! 2009 U.s.c.h!
80%
(Singlet) 2003 Verta ja lihaa / Teurastaja
80%
(Singlet) 2024 Yksi Jumalista
80%
Reset 2024 Yksi Jumalista
80%
(Singlet) 2017 Dance Panique
60%
Dance Panique 2017 Dance Panique
60%
Perstechnique 2011 Grand Ball
60%
(Singlet) 2022 Isä Meidän
60%
Omen X 2023 Isä Meidän
60%
Hoitovirhe 2004 Kärsi
60%
Omen X 2023 Käy Tanssiin
60%
Reset 2024 Kerran Kuollut
60%
Omen X 2023 Kun Kesä Kuoli
60%
(Singlet) 2020 Kyntövuohi
60%
Global Warning 2020 Kyntövuohi
60%
Hoitovirhe 2004 Lepositeet
60%
Hoitovirhe 2004 Liitto
60%
Niuva 20 2005 Liitto
60%
(Singlet) 2008 Minä Määrään
60%
U.S.C.H! 2009 Minä Määrään
60%
Pirun Nyrkki 2005 MTV / DNA
60%
Global Warning 2020 Naitu
60%
Hoitovirhe 2004 Pimeyden morsian
60%
(Singlet) 2016 Pimeyden Morsian (2016)
60%
Pirun Nyrkki 2005 Pirun Nyrkki
60%
(Singlet) 2006 Pirun Nyrkki
60%
Hoitovirhe 2004 Rautaketju
60%
Technodiktator 2013 Rehtori
60%
Hoitovirhe 2004 Seinä
60%
Niuva 20 2005 Sika!
60%
(Singlet) 2018 Sikiö
60%
Universal Satan 2018 Sikiö
60%
Technovibrator 2015 Sinä saatana
60%
Perstechnique 2011 Suolainen Kapteeni
60%
Pirun Nyrkki 2005 Tirehtööri
60%
Omen X 2023 Verestä Sokea
60%
(Singlet) 2004 Verta ja lihaa
60%
Hoitovirhe 2004 Verta ja lihaa
60%
Pirun Nyrkki 2005 Verta ja lihaa - Proteus Mental Remix
60%
Omen X 2023 Vie Se Pois
60%
Technovibrator 2015 Aina arki
40%
Pirun Nyrkki 2005 Eläköön!
40%
(Singlet) 2018 Faster Than God
40%
Universal Satan 2018 Faster Than God
40%
U.S.C.H! 2009 Hades
40%
Perstechnique 2011 Hanska
40%
Pirun Nyrkki 2005 Härkä
40%
Perstechnique 2011 Hellbound Earth
40%
Universal Satan 2018 Helvetin torvet
40%
(Singlet) 2021 Hengitä
40%
Perstechnique 2011 Herran Toinen Tuleminen
40%
(Singlet) 2010 Ihmisixsixsix
40%
Perstechnique 2011 Ihmisixsixsix
40%
Pirun Nyrkki 2005 Irstauden Ilosanoma
40%
(Singlet) 2013 Jalopiina
40%
Technodiktator 2013 Jalopiina
40%
Niuva 20 2005 Kirosana
40%
Technovibrator 2015 Kirottujen karnevaalit
40%
U.S.C.H! 2009 Kuoleman Päivä
40%
Dance Panique 2017 Kyynelten Tanssi
40%
Perstechnique 2011 Lapset Ja Vanhemmat
40%
Technovibrator 2015 Lataa ja varmista
40%
Pirun Nyrkki 2005 Mistä Veri Pakenee
40%
Reset 2024 Musta Piste
40%
Technodiktator 2013 Nimi Kivessä
40%
Hoitovirhe 2004 Osasto-A
40%
Reset 2024 Otava
40%
Reset 2024 Päästä Irti
40%
Hoitovirhe 2004 Paha ihminen
40%
U.S.C.H! 2009 Pakanamaan Kartta
40%
Pirun Nyrkki 2005 Piiloviestien Neitietsivä
40%
Reset 2024 Puuttuva Naula
40%
Omen X 2023 Pyhä Kolminaisuus
40%
(Singlet) 2013 Pyhä Maa
40%
Technodiktator 2013 Pyhä Maa
40%
Universal Satan 2018 Rangaistus
40%
Reset 2024 Reset 7 (Not to Be Continued)
40%
Perstechnique 2011 Rukoukset Rattoisat
40%
U.S.C.H! 2009 Shuttle to Venus
40%
Technodiktator 2013 Silmät Sumeat
40%
Niuva 20 2005 Stormbringer
40%
(Singlet) 2016 Surutulitus
40%
Dance Panique 2017 Surutulitus
40%
Reset 2024 Trauma
40%
Niuva 20 2005 Varjot
40%
Perstechnique 2011 VedetÄÄnkÖ Vai Ei?
40%
Universal Satan 2018 Verenperintö
40%
Perstechnique 2011 Verta Sataa
40%
Dance Panique 2017 Viha
40%
Dance Panique 2017 Vihko
40%
U.S.C.H! 2009 Vuosi 2008
40%
Hoitovirhe 2004 4 käskyä
20%
Technodiktator 2013 Antaa Palaa
20%
U.S.C.H! 2009 Arise
20%
Technodiktator 2013 Beibe / золото
20%
U.S.C.H! 2009 Destination Hades
20%
Technodiktator 2013 Elävä Koneeksi
20%
(Singlet) 2015 Hyvissä Höyryissä
20%
Technovibrator 2015 Hyvissä Höyryissä
20%
Global Warning 2020 Ikävä
20%
Pirun Nyrkki 2005 Illuusio Musiikista
20%
(Singlet) 2016 Itämaan tietäjä
20%
Universal Satan 2018 Itseensäsekaantuja
20%
Global Warning 2020 Jumalauta
20%
Dance Panique 2017 Kuoleman Marssi
20%
Universal Satan 2018 Love Is Dead
20%
Pirun Nyrkki 2005 Messu
20%
U.S.C.H! 2009 Million Dollar Business
20%
U.S.C.H! 2009 Paha Musta Veri
20%
Dance Panique 2017 Pienet Pirut
20%
Omen X 2023 Puoli Valtakuntaa
20%
Technovibrator 2015 Ranteet auki
20%
Global Warning 2020 Revi Minut Auki
20%
Universal Satan 2018 Saatanan siunaama
20%
(Singlet) 2020 Sano Kun Riittää
20%
Global Warning 2020 Sano Kun Riittää
20%
(Singlet) 2024 Schlachter
20%
Reset 2024 Schlachter
20%
Reset 2024 Se Mitä Et Näe
20%
Technovibrator 2015 Sinulle
20%
Global Warning 2020 Sylkekää Siihen
20%
Global Warning 2020 Syntisten Laulu
20%
Technodiktator 2013 To Be Contiuned Act 1
20%
Technovibrator 2015 To Be Contiuned Act 2
20%
Dance Panique 2017 Veren Maku
20%
(Singlet) 2019 Vihreät niityt
20%
Global Warning 2020 Viiha Ja Rakkaus
20%
Universal Satan 2018 Viimeinen Matka
20%
U.S.C.H! 2009 Alternative End For Your U.s.c.h!
0%
Technovibrator 2015 Hiiltynyt runko
0%
(Singlet) 2017 Hyvää Yöta
0%
(Singlet) 2009 Kalpan Ukko
0%
Global Warning 2020 Kuoleman Juuret
0%
U.S.C.H! 2009 Kuolleitten Laulu
0%
Universal Satan 2018 Suurempi voima
0%
Global Warning 2020 Syvissä Vesissä
0%
(Singlet) 2015 Taisteluhuuto
0%
Global Warning 2020 Turvasana
0%
Dance Panique 2017 Uhriveri
0%
(Singlet) 2015 Vastanaineet
0%
Technovibrator 2015 Vastanaineet
0%
(Singlet) 2009 Verkko Heiluu
0%
Ehtoja vastaavia visoja ei löytynyt
Tulosjakauma
Jokaisen tuloksen saaneiden osuus
Persentiili vastausten määrän mukaan
Tuloshistoriasi
Et ole pelannut tätä visaa sen viimeisimmän päivityksen jälkeen